00755 2200277 4500001002100000005001500021035002000036007000300056008004100059020002200100082001200122084001800134100002400152245005300176250001000229300002900239650001700268650001900285700002900304700002600333264003200359336002100391337003000412338002300442990001200465INLIS00000000000006920230706021905 a0010-0723000045ta230706 0  a978-602-8837-20-0 a621.908 a621.908 DAR t0 aDaryantoePengarang1 aTeori Kejuruan Teknik Mesin Perkakas /cDaryanto acet 1 a250 hlm :bilus ;c21 cm 4aTeknik Mesin 4aMesin Perkakas0 aHisar MartinePenyunting0 aKoko K A.eIlustrator aBandung :bSatu Nusa,c2010 2rdacontentateks 2rdamediaatanpa perantara 2rdacarrieravolume a17.0090